| 000 | 01555nam a2200349 a 4500 | ||
|---|---|---|---|
| 001 | 000004144 | ||
| 003 | DO-SdBNP | ||
| 005 | 20240508073814.0 | ||
| 007 | ta | ||
| 008 | 090717e2007 dr ao fr 001 0 spa d | ||
| 020 | _a9789945020229 | ||
| 040 |
_aDO-SdBNP _bspa _cBNPHU |
||
| 082 | 4 |
_a331.8097293 _bC749a _222 |
|
| 111 | 2 |
_aCongresos Obreros Nacional _n(1ro : _d1920: _cSanto Domingo) _912265 |
|
| 245 | 1 | 0 |
_aActas de los dos primeros congresos obreros dominicanos 1920 - 1922 / _cEditores,Dantes Ortiz, Modesto Cuesta ; Presentación Roberto Cassá |
| 260 |
_aSanto Domingo : _bArchivo General de la Nación, _c2007. |
||
| 300 |
_a137, (6) p. : _bil, fotogr. ; _c23 cm. |
||
| 490 | 1 |
_aArchivo General de la Nación ; _v36 |
|
| 500 | _aIncluye índice onomástico : p.135- 137 | ||
| 505 | _aPresentación. | ||
| 505 |
_aPrimer Congreso Nacional Obrero 15- 29 de mayo de 1920.-- _tCongreso Nacional Obrero.-- |
||
| 505 |
_aSegundo congreso Nacional Obrero 26 enero - 13 de febrero de 1922.-- _tConclusión de la Conferencia Dominicana del Trabajo.-- _tÍndice onomástico. |
||
| 590 | _aInventariado, 2018/VM | ||
| 650 | 4 |
_aSindicalismo _xHistoria _zRepública Dominicana _912266 |
|
| 650 | 4 |
_aSindicatos _xHistoria _zRepública Dominicana _912267 |
|
| 650 | 4 |
_aNegociaciones colectivas de trabajo _xHistoria _zRepública Dominicana _912268 |
|
| 700 | 1 |
_aOrtiz, Dantes, _eed. _9123 |
|
| 700 | 1 |
_aCuesta, Modesto, _eed. _93209 |
|
| 700 | 1 |
_aCassá, Roberto, _d1948- _epresent. _910888 |
|
| 910 | _aValidado. Control de calidad MMOLINA | ||
| 942 |
_2ddc _cLBS1 |
||
| 999 |
_c3960 _d3960 |
||